U.S. States by State Amphibian - Statistics

General Stats
  • This quiz has been taken 22 times
  • The average score is 8 of 27
Answers on the Map
Answers color-coded by a green-red scale on the quiz's map according to % correct below.
 
Answer Stats
Hint Answer % Correct
Arizona Arizona Tree Frog
72%
Texas Texas Toad
72%
Iowa American Bullfrog
50%
Missouri American Bullfrog
50%
Oklahoma American Bullfrog
50%
New Hampshire Red-spotted Newt
50%
Kansas Barred Tiger Salamander
33%
Wyoming Blotched Tiger Salamander
33%
Illinois Eastern Tiger Salamander
33%
Minnesota Northern Leopard Frog
33%
Vermont Northern Leopard Frog
33%
Colorado Western Tiger Salamander
33%
New York Wood Frog
33%
Ohio Spotted Salamander
28%
South Carolina Spotted Salamander
28%
Pennsylvania Eastern Hellbender
22%
New Mexico New Mexico Spadefoot Toad
22%
Georgia American Green Tree Frog
17%
Louisiana American Green Tree Frog
17%
Idaho Idaho Giant Salamander
17%
Washington Pacific Tree Frog
17%
California California Red-legged Frog
11%
North Carolina Pine Barrens Tree Frog
11%
Alabama Red Hills Salamander
11%
Virginia Red Salamander
11%
West Virginia Red Salamander
11%
Tennessee Tennessee Cave Salamander
11%
No matching quizzes found
Score Distribution
Percent of People with Each Score
Percentile by Number Answered
Your Score History
You have not taken this quiz